01014 2200229 4500001002100000005001700021008004100038035002500079040001200104082001400116084001900130100003000149245022600179260005900405300003700464500017100501504003000672650003900702700001300741850001200754990001800766INLIS00000000000928820150808074817.0  a0010-081500000000726 aYOPDYOG 223a510.7 aSK 510.7 Aug E aAUGUSTINUS Widiprihartono aEfektifitas pembelajaran matematika di kelas berbasis teknologi informasi dan komunikasi terkait peningkatan prestasi belajar matematika siswab( Studi kasus di kelas XI ICT SMAN 8 Yogyakarta)c/ Augustinus Widiprihartono aYogyakartabUniversitas Sanata Dharma Yogyakartac2009 axixi, 143 lembar. ;.c; 29,5 cm. aSkripsi Prodi Pendidikan Matematika Jurusan Pendidikan Matematika dan Ilmu Pengetahuan Alam Fakultas Keguruan dan Ilmu Pendidikan Universitas Sanata Dharma Yogyakarta aBibliografi: hlm. 142-143 aMatematika -- Studi dan Pengajaran aSUGIARTO aYOPDYOG a47543-PD/A.15